Größte Städte Norddeutschlands - Statistiken

Allgemein
  • Dieses Quiz wurde 194 mal gespielt
  • Das Durchschnittsergebnis liegt bei 29 aus 50
Antwortstatistiken
Einwohnerzahl Bundesland Stadt % Korrekt
584.332 Bremen Bremen
99%
1.851.596 Hamburg Hamburg
99%
251.751 Schleswig-Holstein Kiel
99%
520.290 Niedersachsen Hannover
97%
204.948 Mecklenburg-Vorpommern Rostock
95%
253.527 Niedersachsen Braunschweig
94%
217.061 Schleswig-Holstein Lübeck
93%
118.323 Bremen Bremerhaven
92%
98.733 Mecklenburg-Vorpommern Schwerin
91%
165.686 Niedersachsen Osnabrück
89%
96.431 Schleswig-Holstein Flensburg
87%
176.242 Niedersachsen Oldenburg
87%
129.347 Niedersachsen Wolfsburg
87%
126.968 Niedersachsen Göttingen
79%
98.299 Niedersachsen Hildesheim
70%
105.056 Niedersachsen Salzgitter
69%
49.701 Niedersachsen Emden
68%
60.071 Mecklenburg-Vorpommern Greifswald
68%
74.577 Niedersachsen Lüneburg
68%
79.461 Schleswig-Holstein Neumünster
68%
49.915 Niedersachsen Cuxhaven
66%
59.450 Mecklenburg-Vorpommern Stralsund
64%
76.010 Niedersachsen Wilhelmshaven
62%
66.926 Niedersachsen Celle
61%
44.022 Mecklenburg-Vorpommern Wismar
60%
64.390 Mecklenburg-Vorpommern Neubrandenburg
58%
81.834 Schleswig-Holstein Norderstedt
54%
47.649 Niedersachsen Goslar
51%
48.703 Niedersachsen Stade
51%
81.746 Niedersachsen Delmenhorst
50%
58.199 Niedersachsen Hameln
50%
44.662 Schleswig-Holstein Pinneberg
48%
43.375 Niedersachsen Aurich
47%
56.140 Niedersachsen Lingen
45%
41.256 Niedersachsen Buxtehude
44%
50.762 Niedersachsen Peine
44%
52.526 Niedersachsen Wolfenbüttel
44%
51.486 Schleswig-Holstein Elmshorn
37%
60.046 Niedersachsen Garbsen
36%
56.675 Niedersachsen Nordhorn
35%
54.429 Niedersachsen Langenhagen
34%
43.941 Niedersachsen Gifhorn
32%
44.552 Niedersachsen Neustadt am Rübenberge
26%
41.290 Niedersachsen Buchholz (Nordheide)
24%
46.469 Niedersachsen Melle
24%
38.841 Niedersachsen Papenburg
23%
42.560 Niedersachsen Laatzen
20%
45.097 Niedersachsen Lehrte
20%
41.666 Niedersachsen Wunstorf
18%
42.880 Niedersachsen Seevetal
13%
Keine übereinstimmenden Quizze gefunden
Verteilung der Resultate
Anzahl Personen mit jedem Resultat
Perzentil nach korrekt beantworteten Fragen
Ihre Resultats-Entwicklung
Sie haben dieses Quiz noch nicht gespielt